| 000 | 00880nam a2200217Ia 4500 | ||
|---|---|---|---|
| 999 |
_c39703 _d39703 |
||
| 001 | 6306 | ||
| 003 | GE_BSU | ||
| 005 | 20190930163602.0 | ||
| 008 | 181216s1966||||ge |||||||||||||| ||geo|| | ||
| 040 | _cGE_BSU | ||
| 041 | _ageo | ||
| 080 | _a821.353.1-1 ბ-27 | ||
| 100 |
_aბარნაბიშვილი, მერი. _94401 |
||
| 245 |
_aმე ზეთისხილის რტოს მოგიტან : _bლექსები / _cმერი, ბარნაბიშვილი ; რედ. ტ. ჭანტურია. |
||
| 264 |
_aთბილისი. _bნაკადული. _c1966. |
||
| 300 | _a74გვ;17სმ. | ||
| 653 | _aმე ზეთისხილის რტოს მოგიტან | ||
| 653 | _aლექსები | ||
| 700 |
_aჭანტურია, ტ. _eრედაქტორი _93733 |
||
| 942 |
_cBK _2udc |
||